Vida benedictina
Salvato in:
| Autore principale: | |
|---|---|
| Natura: | Libro |
| Lingua: | spagnolo |
| Pubblicazione: |
Santiago
Esplendor
1939
|
| Soggetti: | |
| Tags: |
Aggiungi Tag
Nessun Tag, puoi essere il primo ad aggiungerne!!
|
MARC
| LEADER | 00000nam a2200000 a 4500 | ||
|---|---|---|---|
| 001 | UCI4272 | ||
| 003 | CL-VaPUC | ||
| 008 | 080111e19390000CL |||||||||||||||||spa|d | ||
| 082 | 0 | 4 | |a 271.1 |b SUB |2 21 |
| 100 | 0 | |a Subercaseaux, Pedro |e author |9 504928 | |
| 245 | 1 | 0 | |a Vida benedictina |
| 300 | |a 81 p | ||
| 942 | |c BK | ||
| 945 | |d 20080111 00:00:00 |a rbrito | ||
| 260 | |a Santiago |b Esplendor |c 1939 | ||
| 500 | |a Donación Padres Capuchinos | ||
| 600 | 0 | 7 | |a BENEDICTINOS |2 CL-VaPUC |9 347342 |
| 650 | 0 | |a Conventos |9 328972 | |
| 650 | 0 | |a Vida religiosa |9 257284 | |
| 583 | |a last modification |c 20080111 00:00:00 |k Rodrigo Vera | ||
| 999 | |c 328228 |d 328226 | ||
| 952 | |0 0 |1 0 |4 0 |6 271_100000000000000_SUB_1939 |7 0 |8 X |9 412029 |a FDOBUD |b FDOBUD |d 2019-11-22 |i 4400917 |o 271.1 SUB 1939 |p 4400917 |r 2019-11-22 |w 2019-11-22 |y BK_X |k BUD | ||